00785nam a2200253 a 4500001000400000003001000004005001700014008004100031020001800072040002500090080001600115100002300131245007600154250003300230260003400263300002800297500002000325500002300345504002500368650004300393650004000436650003400476700002100510406BR-CuiBMT20231106221639.0231101s2016 baba 000 0 por d a9788544206935 aBR-CuiBMTcBR-CuiBMT a35.07220071 aScatolino, Gustavo10aManual de direito administrativo /cGustavo Scatolino, João Trindade. a4. ed., rev., ampl. e atual. aSalvador :bJuspodivm,c2016. a1039 p. :bil. ;c25 cm aVolume único. aConforme novo CPC. aInclui bibliografia. aDireito administrativovManualzBrasil aAdministração públicazBrasil aServiços públicoszBrasil1 aTrindade, João